01158nam a22001697a 4500008004100000020001500041050001400056100002000070245010200090250001300192260004100205300003000246500002000276505064900296700002200945700002100967150107b xxu||||| |||| 00| 0 eng d a0324282281 aHD31.H447 aHellriegel, Don aManagement: ba competency-based approach. /cDon Hellriegel, Susan E. Jackson and John W. Slocum a10th ed. aOhio:bThomson South-Western,c2005. axxx, 540p.:bill.;c28cm. aIncludes index. aContents: An Overview of management: Managing in a dynamic environment -- The Evolution of management -- Managing the environment: Environmental forces -- Managing globally -- Entrepreneurship -- Ethics and stakeholder social responsibility -- Planning and control: Planning and strategy -- Fundamentals of decision making -- Planning and decision AIDS -- Controlling in organizations -- Organizing: Organizational design -- Organizational change and learning -- Managing human resources -- Leading: Work motivation -- Dynamics of learning -- Organizational communication -- Managing work teams -- Organizational culture and cultural diversity. aJackson, Susan E. aSlocum, John W.